Normal view
MARC view
- Imtaiz H Bokhari
Entry Personal Name
001 - CONTROL NUMBER
- control field: 105005
003 - CONTROL NUMBER IDENTIFIER
- control field: NUST
005 - DATE AND TIME OF LATEST TRANSACTION
- control field: 20221215144612.0
008 - FIXED-LENGTH DATA ELEMENTS
- fixed length control field: 221215|| aca||aabn | a|a d
040 ## - CATALOGING SOURCE
- Original cataloging agency: NUST
- Transcribing agency: NUST
100 ## - HEADING--PERSONAL NAME
- Personal name: Imtaiz H Bokhari
670 ## - SOURCE DATA FOUND
- Source citation: Work cat.: (NUST)184087: Bokhari, Imtaiz H 105004, Management of third world crises in adverse partnership :, 2001
